000 00685nam a2200217 u 4500
005 20221117063449.0
008 140909s2002 r 000 0 eng d
020 _a8448816498
035 _aUPN01000199467
049 _aI
050 4 _aPZ76.3
_bO2.2
100 1 _aObiols, Anna,
_d1975-
_936176
245 1 0 _aAfrica y los colores /
_cAnna Obiols ; tr. Estrella Borrego ; il. Subi.
260 _aBarcelona, Esp. :
_bBeascoa,
_c2002.
300 _a[28] p. :
_bprincipalmente il. col.
650 0 _aAnimales
_vCuentos y leyendas
_9234
650 7 _aLibros ilustrados para niƱos
_2
_921365
650 2 _aColores
_vLiteratura infantil
_921262
905 _aInfantil
999 _c171568
_d171568